000 00372nam a2200157Ia 4500
008 210210b1925 xxu||||| |||| 00| 0 eng d
041 _aeng
082 _a825/1051a
100 _aPAUL (Herbert W)
245 _aMethew arnold
260 _aLondon
_bMacmillan & Co. Ltd.
_c1925
650 _aMethew
650 _aarnold
690 _aEnglish Criticism
906 _a015367
999 _c134727
_d134727